The dowry and other Japanese stories / (Record no. 146208)

MARC details
000 -LEADER
fixed length control field 00816nam a22002177a 4500
005 - DATE AND TIME OF LATEST TRANSACTION
control field 20180703152446.0
010 ## - LCCN (DPL NO)
LC control number 1718EN-30 ENG-121825 B-688312-318
020 ## - INTERNATIONAL STANDARD BOOK NUMBER
Terms of availability 115.00
International Standard Book Number 9788126051786
035 ## - SYSTEM CONTROL NUMBER
System control number EN-105357
035 ## - SYSTEM CONTROL NUMBER
System control number B-688312-318
037 ## - SOURCE OF ACQUISITION
Source of stock number/acquisition Sahitya Akadmi
Stock number dpl
037 ## - SOURCE OF ACQUISITION
Source of stock number/acquisition DBAD/PUB
082 ## - DEWEY DECIMAL CLASSIFICATION NUMBER
Classification number 881
100 ## - MAIN ENTRY--PERSONAL NAME
Personal name Khanna, Anita
245 ## - TITLE STATEMENT
Title The dowry and other Japanese stories /
Statement of responsibility, etc by Anita Khanna
260 ## - PUBLICATION, DISTRIBUTION, ETC. (IMPRINT)
Place of publication, distribution, etc New Delhi
Name of publisher, distributor, etc Sahitya Academi
Date of publication, distribution, etc 2016
270 ## - ADDRESS
City New Delhi
Address Rabindra Bhawan, 35, Fiiroz Shah Marg
Postal code 110001
300 ## - PHYSICAL DESCRIPTION
Extent 117p.
Dimensions 21cm(pbk)
942 ## - ADDED ENTRY ELEMENTS (KOHA)
Source of classification or shelving scheme Dewey Decimal Classification
Item type English Books
Call number suffix KHA
Classification part S
Holdings
Withdrawn status Lost status Not for loan Collection code Home library Current library Date acquired Source of acquisition Cost, normal purchase price Full call number Barcode Copy number Cost, replacement price Koha item type
      Non-fiction Ashok Vihar Ashok Vihar 03/07/2018 Noth India NIP/287/17-18/28.11.2017/665/20.11.2017/13.01.2018 115.00 S KHA B-688313 1 115.00 English Books
    Not For Loan Fiction D.B.Act.Division Bawana 09/12/2017 DBAD/PUB 115.00 S KHA EN-105357 1 115.00 English Books
      Non-fiction Bawana Bawana 03/07/2018 Noth India NIP/287/17-18/28.11.2017/665/20.11.2017/13.01.2018 115.00 S KHA B-688318 1 115.00 English Books
      Non-fiction Central Library Central Library 03/07/2018 Noth India NIP/287/17-18/28.11.2017/665/20.11.2017/13.01.2018 115.00 S KHA B-688312 1 115.00 English Books
      Non-fiction Janak Puri Janak Puri 03/07/2018 Noth India NIP/287/17-18/28.11.2017/665/20.11.2017/13.01.2018 115.00 S KHA B-688315 1 115.00 English Books
      Non-fiction Narela Narela 03/07/2018 Noth India NIP/287/17-18/28.11.2017/665/20.11.2017/13.01.2018 115.00 S KHA B-688317 1 115.00 English Books
      Non-fiction Patel Nagar Patel Nagar 03/07/2018 Noth India NIP/287/17-18/28.11.2017/665/20.11.2017/13.01.2018 115.00 S KHA B-688314 1 115.00 English Books
      Non-fiction Sarojini Nagar Sarojini Nagar 03/07/2018 Noth India NIP/287/17-18/28.11.2017/665/20.11.2017/13.01.2018 115.00 S KHA B-688316 1 115.00 English Books

© Delhi Public Library
Hit Counter
free hit counter